000
00341pam a2200157a 44500
008
230515b1923 xxu||||| |||| 00| 0 eng d
020
_a
NULL
041
_a
HINDI
082
_a
1
100
_a
KULKARNI
245
_a
MANAS VIDYA-SHIKASHAK
250
_a
1
260
_a
NA
_b
N.D.
_c
1923
300
_a
100
650
_a
MANAS VIDYA-SHIKASHAK
999
_c
496959
_d
496959